[Event "SLO-chT U16 27th"]
[Site "Radenci"]
[Date "2024.05.25"]
[Round "2.1"]
[White "Glavac, Leo"]
[Black "Smirnov, Maksim"]
[Result "1-0"]
[WhiteElo "1771"]
[BlackElo "1800"]
[PlyCount "93"]
[EventDate "2024.05.24"]
[EventType "team-swiss"]
[EventRounds "5"]
[EventCountry "SLO"]
[SourceTitle "EXT 2025"]
[Source "ChessBase"]
[SourceDate "2024.10.14"]
[SourceVersion "1"]
[SourceVersionDate "2024.10.14"]
[SourceQuality "1"]
[WhiteTeam "Ljubljana Tajfun U16"]
[BlackTeam "Tomo Zupan U16"]
[WhiteTeamCountry "SLO"]
[BlackTeamCountry "SLO"]

1. e4 c6 2. d4 d5 3. e5 Bf5 4. Bd3 Bxd3 5. Qxd3 e6 6. Nf3 c5 7. c3 Nc6 8. 0-0 h6 9. a3 Nge7 10. b4 cxd4 11. cxd4 Nf5 12. Nc3 Be7 13. Be3 0-0 14. Rfc1 Qd7 15. Rc2 Rfc8 16. Rac1 Bxb4 17. axb4 Nxb4 18. Qd1 Nxc2 19. Rxc2 b5 20. Ne1 Rc4 21. Nb1 Rac8 22. Rb2 Nxe3 23. fxe3 Rc1 24. Qe2 a5 25. Kf2 Qc6 26. Qxb5 Qxb5 27. Rxb5 a4 28. Ke2 R8c4 29. Rb2 Rc7 30. Kd2 g5 31. Na3 R1c6 32. Nd3 Kg7 33. Nc5 Kg6 34. Kd3 f6 35. exf6 Kxf6 36. Rb4 Ra7 37. Rb8 Rf7 38. Nb5 Kg7 39. Ke2 e5 40. Nc3 a3 41. Nxd5 Ra7 42. Rb1 exd4 43. exd4 Rd6 44. Nc3 Rxd4 45. Ne6+ Kf6 46. Nxd4 a2 47. Ra1 1-0

[Event "SLO-chT U16 27th"]
[Site "Radenci"]
[Date "2024.05.24"]
[Round "1.1"]
[White "Hudoklin, Jurij"]
[Black "Glavac, Leo"]
[Result "0-1"]
[WhiteElo "1535"]
[BlackElo "1771"]
[PlyCount "40"]
[EventDate "2024.05.24"]
[EventType "team-swiss"]
[EventRounds "5"]
[EventCountry "SLO"]
[SourceTitle "EXT 2025"]
[Source "ChessBase"]
[SourceDate "2024.10.14"]
[SourceVersion "1"]
[SourceVersionDate "2024.10.14"]
[SourceQuality "1"]
[WhiteTeam "Novo Mesto Krka U16"]
[BlackTeam "Ljubljana Tajfun U16"]
[WhiteTeamCountry "SLO"]
[BlackTeamCountry "SLO"]

1. d4 d5 2. c4 c6 3. cxd5 cxd5 4. Nc3 Nf6 5. Nf3 Nc6 6. Bf4 a6 7. e3 Bf5 8. Bd3 Bxd3 9. Qxd3 e6 10. 0-0 Be7 11. h3 0-0 12. Rfc1 b5 13. Qe2 Rc8 14. a4 b4 15. Nd1 Qb6 16. b3 Na5 17. Qa2 Ne4 18. Ne5 Qb7 19. f3 Nc3 20. Qb2 Nxb3 0-1

[Event "World Cup U12 Prel"]
[Site "Tornelo INT"]
[Date "2021.08.06"]
[Round "7"]
[White "Glavac, Leo"]
[Black "Murray, Zachary"]
[Result "1-0"]
[WhiteElo "1057"]
[BlackElo "1323"]
[PlyCount "99"]
[EventDate "2021.08.06"]
[EventType "swiss (rapid)"]
[EventRounds "10"]
[EventCountry "NET"]
[SourceTitle "EXT 2025"]
[Source "ChessBase"]
[SourceDate "2024.10.14"]
[SourceVersion "1"]
[SourceVersionDate "2024.10.14"]
[SourceQuality "1"]

1. e4 e5 2. Nf3 Nc6 3. Bb5 Nf6 4. 0-0 Bc5 5. Re1 d6 6. c3 a6 7. Ba4 b5 8. Bb3 0-0 9. d4 Bb6 10. Bg5 Bg4 11. Bd5 Bd7 12. dxe5 dxe5 13. Nbd2 Bc5 14. Bxc6 Bxc6 15. Nxe5 Qd6 16. Nxc6 Qxc6 17. Bxf6 Qxf6 18. Qf3 Qd6 19. Nb3 Bb6 20. Rad1 Qe6 21. Rd3 c5 22. Rd5 c4 23. Nd4 Bxd4 24. Rxd4 Rfd8 25. Red1 Rxd4 26. Rxd4 g6 27. Qe3 Kg7 28. f4 a5 29. Kf2 b4 30. h3 a4 31. cxb4 c3 32. Qxc3 Qxa2 33. Rd8+ f6 34. Rxa8 Qb1 35. Ra7+ Kh6 36. Rxa4 Qxe4 37. Ra5 Qxf4+ 38. Kg1 g5 39. Ra6 Kg6 40. Qd3+ Kh5 41. Qf3+ Qxf3 42. gxf3 Kg6 43. b5 Kf7 44. b6 Kg6 45. b7 Kh5 46. b8Q h6 47. Qe8+ Kh4 48. Ra4+ g4 49. Rxg4+ Kxh3 50. Qh5# 1-0

[Event "World Cup U12 Prel"]
[Site "Tornelo INT"]
[Date "2021.08.06"]
[Round "2"]
[White "Khazhatuly, Alikhan"]
[Black "Glavac, Leo"]
[Result "1-0"]
[WhiteElo "1647"]
[BlackElo "1057"]
[PlyCount "51"]
[EventDate "2021.08.06"]
[EventType "swiss (rapid)"]
[EventRounds "10"]
[EventCountry "NET"]
[SourceTitle "EXT 2025"]
[Source "ChessBase"]
[SourceDate "2024.10.14"]
[SourceVersion "1"]
[SourceVersionDate "2024.10.14"]
[SourceQuality "1"]

1. e3 d5 2. d4 c6 3. Nf3 e6 4. c4 Nf6 5. Nc3 b6 6. Bd3 Be7 7. 0-0 0-0 8. e4 dxe4 9. Nxe4 Bb7 10. Qc2 h6 11. Be3 Qc7 12. Rad1 Nbd7 13. Rfe1 Nxe4 14. Bxe4 Nf6 15. Bd3 Rad8 16. h3 Rd7 17. Ne5 Rdd8 18. Qc1 c5 19. Bxh6 gxh6 20. Qxh6 Rxd4 21. Re3 Ne4 22. Rg3+ Bg5 23. Rxg5+ Nxg5 24. Qxg5+ Kh8 25. Qh6+ Kg8 26. Qh7# 1-0